00668nam a2200193Ia 4500952014800000999001700148003000400165005001700169008004100186020001800227040000900245082001800254100002700272245006300299260004200362300000900404650001900413942004200432 00102ddc40708HISTORYaMESbMEScHISd2019-02-20g425.00l8m9o954.02 SES/Ip37165r2026-02-17 11:56:38s2026-02-13w2019-02-20yBKzGL36R3 c21620d21620OSt20201109121021.0190216s9999||||xx |||||||||||||| ||und|| a9788125051749 coclc a954.02bSES/I aSeshan, Radhika 96347 0aIdeas And Institutions In Medieval India /cRadhika Seshan bOrient Black Swans,c2013.aHyderbad: a218p aMedieval India cBK2ddch954.02iSES/Ik954.02mSES/I